[Event "Mecklenburg VP Verbandsliga 2223"]
[Site "Mecklenburg VP"]
[Date "2023.01.15"]
[Round "5.6"]
[White "Hoerhold, Martin"]
[Black "Schmekel, Matthias"]
[Result "1-0"]
[WhiteElo "1828"]
[BlackElo "1938"]
[PlyCount "143"]
[EventDate "2022.10.23"]
[EventType "team-tourn"]
[EventRounds "9"]
[EventCountry "GER"]
[SourceTitle "EXT 2024"]
[Source "ChessBase"]
[SourceDate "2023.10.10"]
[SourceVersion "1"]
[SourceVersionDate "2023.10.10"]
[SourceQuality "1"]
[WhiteTeam "Neubrandenburg SG Eintracht"]
[BlackTeam "Torgelow Droegeheide II"]
[WhiteTeamCountry "GER"]
[BlackTeamCountry "GER"]

1. d4 f5 2. c4 d6 3. Nf3 Nf6 4. g3 g6 5. Bg2 Bg7 6. Nc3 c6 7. 0-0 0-0 8. d5 e5 9. e4 f4 10. dxc6 bxc6 11. gxf4 exf4 12. Bxf4 Nxe4 13. Nxe4 Rxf4 14. Qxd6 Qxd6 15. Nxd6 Bg4 16. Nd2 Bxb2 17. Rab1 Ba3 18. Nb5 cxb5 19. Bxa8 Bh3 20. Rfe1 Nd7 21. Rb3 Bc5 22. Rxh3 Bxf2+ 23. Kf1 Bxe1+ 24. Kxe1 Nb6 25. Bd5+ Nxd5 26. cxd5 Rd4 27. Ra3 Rxd5 28. Rxa7 g5 29. Ke2 h5 30. Ne4 Re5 31. Kf3 Rf5+ 32. Kg2 Rf4 33. Nf2 Rd4 34. Rc7 Rd5 35. Ne4 Re5 36. Kf3 Rf5+ 37. Ke3 g4 38. Rc5 Rf3+ 39. Kd4 Rh3 40. Rxh5 Ra3 41. Rxb5 Rxa2 42. Rh5 Kg7 43. Ke3 Ra3+ 44. Kf4 Ra4 45. Rg5+ Kh6 46. Rxg4 Ra2 47. Rh4+ Kg6 48. Rh3 Ra4 49. Rg3+ Kh5 50. Rg5+ Kh4 51. Rg8 Kh3 52. Rh8+ Kg2 53. h4 Kh3 54. h5 Kh4 55. Kf5 Ra5+ 56. Kg6 Re5 57. Nf6 Rg5+ 58. Kf7 Ra5 59. Rh6 Ra7+ 60. Kg6 Ra6 61. Rh7 Ra5 62. Rd7 Rg5+ 63. Kh6 Rf5 64. Rd4+ Kg3 65. Kg6 Ra5 66. h6 Ra8 67. h7 Kf3 68. Kg7 Ke3 69. Re4+ Kf3 70. Re8 Ra7+ 71. Kg8 Rxh7 72. Nxh7 1-0

[Event "Mecklenburg VP Verbandsliga 2223"]
[Site "Mecklenburg VP"]
[Date "2022.12.11"]
[Round "4.6"]
[White "Schmekel, Matthias"]
[Black "Scharf, Christian"]
[Result "1/2-1/2"]
[WhiteElo "1938"]
[BlackElo "1336"]
[PlyCount "121"]
[EventDate "2022.10.23"]
[EventType "team-tourn"]
[EventRounds "9"]
[EventCountry "GER"]
[SourceTitle "EXT 2024"]
[Source "ChessBase"]
[SourceDate "2023.10.10"]
[SourceVersion "1"]
[SourceVersionDate "2023.10.10"]
[SourceQuality "1"]
[WhiteTeam "Torgelow Droegeheide II"]
[BlackTeam "Guestrow/Teterow"]
[WhiteTeamCountry "GER"]
[BlackTeamCountry "GER"]

1. e4 c5 2. Nf3 d6 3. d4 cxd4 4. Nxd4 Nf6 5. Nc3 a6 6. Be3 e6 7. Be2 Nbd7 8. Qd2 b5 9. a3 Bb7 10. f3 Nb6 11. g4 Nfd7 12. 0-0-0 Ne5 13. b3 Qc7 14. Ndxb5 axb5 15. Nxb5 Qd8 16. Nxd6+ Bxd6 17. Qxd6 Qxd6 18. Rxd6 Nc8 19. Bb5+ Ke7 20. Rd2 Bc6 21. Bc5+ Kf6 22. Be2 Nd7 23. Bd4+ e5 24. Bb2 Ke7 25. Rhd1 f6 26. a4 Ndb6 27. Ba3+ Kf7 28. Kb2 h5 29. h3 hxg4 30. hxg4 Rh2 31. c4 Kg6 32. Kc3 Ra7 33. c5 Nd7 34. Bc4 Rxd2 35. Rxd2 Rc7 36. a5 Na7 37. Bc1 Nb5+ 38. Bxb5 Bxb5 39. b4 Nb8 40. Rd6 Nc6 41. Be3 Kf7 42. g5 Ke7 43. f4 Rd7 44. gxf6+ gxf6 45. fxe5 fxe5 46. Bg5+ Ke8 47. Re6+ Kf7 48. Rf6+ Kg7 49. Rd6 Rxd6 50. cxd6 Nb8 51. Kd2 Kf7 52. Ke3 Ke6 53. Be7 Nc6 54. Bf8 Nxb4 55. d7 Nc2+ 56. Kd2 Kxd7 57. Kxc2 Ke6 58. Bg7 Bc6 59. Kd3 Bb5+ 60. Ke3 Ba6 61. Bxe5 1/2-1/2

[Event "Mecklenburg VP LL2 Ost 2122"]
[Site "Mecklenburg VP"]
[Date "2022.05.01"]
[Round "9.5"]
[White "Nauschuetz, Ernst"]
[Black "Schmekel, Matthias"]
[Result "1-0"]
[WhiteElo "1921"]
[BlackElo "1938"]
[PlyCount "97"]
[EventDate "2021.10.24"]
[EventType "team-tourn"]
[EventRounds "9"]
[EventCountry "GER"]
[SourceTitle "EXT 2024"]
[Source "ChessBase"]
[SourceDate "2023.10.10"]
[SourceVersion "1"]
[SourceVersionDate "2023.10.10"]
[SourceQuality "1"]
[WhiteTeam "Greifswald II"]
[BlackTeam "Torgelow Droegeheide II"]
[WhiteTeamCountry "GER"]
[BlackTeamCountry "GER"]

1. c4 f5 2. g3 Nf6 3. Bg2 d5 4. Nf3 Nc6 5. 0-0 e6 6. b3 Be7 7. Bb2 d4 8. e3 e5 9. exd4 exd4 10. Na3 0-0 11. Nc2 Bc5 12. d3 f4 13. a3 a5 14. Qd2 fxg3 15. hxg3 Ng4 16. b4 axb4 17. axb4 Rxa1 18. Bxa1 Be7 19. b5 Nce5 20. Nxe5 Nxe5 21. Bxd4 Nf3+ 22. Bxf3 Rxf3 23. Re1 Bg5 24. Be3 Bf6 25. d4 Qd7 26. Qe2 Qg4 27. Bf4 h6 28. Bxc7 Bf5 29. Ne3 Rxe3 30. Qxe3 Bxd4 31. Qf4 Qxf4 32. Bxf4 Kf7 33. Be3 Bc3 34. Rd1 h5 35. f3 g6 36. Kf2 Ke6 37. c5 Bb4 38. c6 bxc6 39. bxc6 Bd6 40. Bb6 Ke7 41. Re1+ Kf7 42. Ra1 Ke7 43. Ra7+ Ke6 44. Ra8 Kd5 45. c7 Kc6 46. c8Q+ Bxc8 47. Rxc8+ Kxb6 48. Rg8 Bc5+ 49. Kg2 1-0

[Event "Mecklenburg VP Landesliga Ost 1920"]
[Site "Mecklenburg VP"]
[Date "2020.02.02"]
[Round "6.4"]
[White "Schmekel, Matthias"]
[Black "Hochgraefe, Hans Juergen"]
[Result "1-0"]
[WhiteElo "1938"]
[BlackElo "1911"]
[PlyCount "81"]
[EventDate "2019.09.29"]
[EventType "team-tourn"]
[EventRounds "9"]
[EventCountry "GER"]
[SourceTitle "EXT 2023"]
[Source "ChessBase"]
[SourceDate "2022.10.05"]
[SourceVersion "1"]
[SourceVersionDate "2022.10.05"]
[SourceQuality "1"]
[WhiteTeam "Torgelow II"]
[BlackTeam "Rostock SSC 07"]
[WhiteTeamCountry "GER"]
[BlackTeamCountry "GER"]

1. e4 c5 2. Nf3 d6 3. d4 cxd4 4. Nxd4 Nf6 5. Nc3 g6 6. Bc4 Bd7 7. Be3 Nc6 8. f3 a6 9. Qd2 Rc8 10. Bb3 Bg7 11. g4 Ne5 12. 0-0-0 h6 13. h3 Nc4 14. Bxc4 Rxc4 15. f4 0-0 16. g5 hxg5 17. fxg5 Nh5 18. Nd5 b5 19. b3 Rc8 20. Nf3 Ng3 21. Bb6 Qe8 22. Rhe1 Bc6 23. Qf2 Nh5 24. e5 Bxd5 25. Rxd5 Qc6 26. Rd3 Nf4 27. Rd2 Nxh3 28. Qh2 Qxb6 29. Qxh3 Qc5 30. Rh1 Rfd8 31. Rdh2 f5 32. Qh7+ Kf7 33. e6+ Kxe6 34. Qxg7 Rg8 35. Re2+ Kd5 36. Rd1+ Kc6 37. Qxe7 Rgd8 38. Nd4+ Kb6 39. Ne6 Qa3+ 40. Kb1 Re8 41. Rxd6+ 1-0

[Event "Mecklenburg VP Landesliga Ost 1920"]
[Site "Mecklenburg VP"]
[Date "2020.01.19"]
[Round "5.4"]
[White "Marzisch, Darius"]
[Black "Schmekel, Matthias"]
[Result "1-0"]
[WhiteElo "1494"]
[BlackElo "1938"]
[PlyCount "73"]
[EventDate "2019.09.29"]
[EventType "team-tourn"]
[EventRounds "9"]
[EventCountry "GER"]
[SourceTitle "EXT 2023"]
[Source "ChessBase"]
[SourceDate "2022.10.05"]
[SourceVersion "1"]
[SourceVersionDate "2022.10.05"]
[SourceQuality "1"]
[WhiteTeam "Neubrandenburg SG Eintracht II"]
[BlackTeam "Torgelow II"]
[WhiteTeamCountry "GER"]
[BlackTeamCountry "GER"]

1. e4 c5 2. Nf3 Nc6 3. d4 cxd4 4. Nxd4 Nf6 5. Nc3 e6 6. Ndb5 d6 7. Bf4 e5 8. Bg5 a6 9. Na3 Be7 10. Bxf6 Bxf6 11. Nc4 Be7 12. Nd5 b5 13. Nxe7 Kxe7 14. Ne3 Be6 15. Nd5+ Kf8 16. c3 Ra7 17. Be2 Ne7 18. Nxe7 Qxe7 19. 0-0 Rd7 20. Qc2 Qg5 21. Qc1 Qg6 22. Qe3 Ke7 23. Rfd1 h5 24. b3 h4 25. Rac1 f5 26. exf5 Bxf5 27. Bd3 e4 28. f3 d5 29. fxe4 dxe4 30. Re1 Rxd3 31. Qxd3 h3 32. g3 Rd8 33. Qe3 Kf7 34. Rcd1 Rd3 35. Rxd3 exd3 36. Qe8+ Kf6 37. Qe7# 1-0

[Event "Mecklenburg VP Landesliga Ost 1920"]
[Site "Mecklenburg VP"]
[Date "2019.12.08"]
[Round "4.4"]
[White "Schmekel, Matthias"]
[Black "Jabbusch, Burkhard"]
[Result "1-0"]
[WhiteElo "1938"]
[BlackElo "1985"]
[PlyCount "65"]
[EventDate "2019.09.29"]
[EventType "team-tourn"]
[EventRounds "9"]
[EventCountry "GER"]
[SourceTitle "EXT 2023"]
[Source "ChessBase"]
[SourceDate "2022.10.05"]
[SourceVersion "1"]
[SourceVersionDate "2022.10.05"]
[SourceQuality "1"]
[WhiteTeam "Torgelow II"]
[BlackTeam "Stralsund HSG II"]
[WhiteTeamCountry "GER"]
[BlackTeamCountry "GER"]

1. e4 c5 2. Nf3 Nc6 3. d4 cxd4 4. Nxd4 g6 5. Be3 Bg7 6. Nc3 d6 7. Qd2 Nxd4 8. Bxd4 Nf6 9. Be2 0-0 10. h4 h6 11. 0-0-0 Be6 12. f3 Qa5 13. Kb1 Rac8 14. Nd5 Qd8 15. Nxf6+ exf6 16. h5 g5 17. f4 Qc7 18. Bc3 Rfd8 19. f5 Bc4 20. Bf3 b6 21. Rhe1 a5 22. Re3 a4 23. Bb4 Bf8 24. Qd4 Be7 25. Rc3 d5 26. Bxe7 Qxe7 27. exd5 Bb5 28. Rxc8 Rxc8 29. d6 Qd8 30. Re1 Kg7 31. Re7 Rc5 32. g4 Rc4 33. Qd5 1-0

[Event "Mecklenburg VP LL2 Ost 1819"]
[Site "Mecklenburg VP"]
[Date "2019.04.07"]
[Round "9.6"]
[White "Rosin, Ralf"]
[Black "Schmekel, Matthias"]
[Result "1-0"]
[WhiteElo "1757"]
[BlackElo "1588"]
[PlyCount "91"]
[EventDate "2018.10.21"]
[EventType "team-tourn"]
[EventRounds "9"]
[EventCountry "GER"]
[SourceTitle "EXT 2022"]
[Source "ChessBase"]
[SourceDate "2021.10.06"]
[SourceVersion "1"]
[SourceVersionDate "2021.10.06"]
[SourceQuality "1"]
[WhiteTeam "Wolgast Motor"]
[BlackTeam "Torgelow Droegeheide II"]
[WhiteTeamCountry "GER"]
[BlackTeamCountry "GER"]

1. d4 f5 2. c4 Nf6 3. Nc3 g6 4. Nf3 d6 5. Qb3 Bg7 6. Bf4 Nh5 7. e3 Nc6 8. Rd1 Nxf4 9. exf4 b6 10. Be2 Na5 11. Qc2 0-0 12. 0-0 Ba6 13. b3 Rc8 14. Ng5 Qd7 15. Bf3 c6 16. Rfe1 Rf6 17. d5 h6 18. dxc6 Nxc6 19. Bd5+ Kh8 20. Be6 Rxe6 21. Nxe6 Nb4 22. Qd2 Bf6 23. a3 Nc6 24. Nd5 Bg7 25. Nxg7 Kxg7 26. Qe3 e5 27. fxe5 Nxe5 28. f4 Nf7 29. Qd4+ Kf8 30. Qf6 Re8 31. Qc3 Bb7 32. Nf6 Rxe1+ 33. Rxe1 Qc6 34. Re8+ Qxe8 35. Nxe8 Kxe8 36. Qf6 Be4 37. Qxg6 Ke7 38. g4 Bc2 39. gxf5 Bxb3 40. Qe6+ Kf8 41. f6 Ba4 42. Qe7+ Kg8 43. Qxa7 b5 44. Qb8+ Kh7 45. Qf8 bxc4 46. Qg7# 1-0

[Event "Mecklenburg VP LL2 Ost 1819"]
[Site "Mecklenburg VP"]
[Date "2019.03.24"]
[Round "8.7"]
[White "Kunow, Frank"]
[Black "Schmekel, Matthias"]
[Result "1-0"]
[WhiteElo "1891"]
[BlackElo "1588"]
[PlyCount "83"]
[EventDate "2018.10.21"]
[EventType "team-tourn"]
[EventRounds "9"]
[EventCountry "GER"]
[SourceTitle "EXT 2022"]
[Source "ChessBase"]
[SourceDate "2021.10.06"]
[SourceVersion "1"]
[SourceVersionDate "2021.10.06"]
[SourceQuality "1"]
[WhiteTeam "Neubrandenburg SG Eintracht"]
[BlackTeam "Torgelow Droegeheide II"]
[WhiteTeamCountry "GER"]
[BlackTeamCountry "GER"]

1. Nf3 f5 2. c4 Nf6 3. g3 g6 4. Bg2 Bg7 5. 0-0 0-0 6. Nc3 d6 7. d3 Qe8 8. Rb1 a5 9. a3 a4 10. Nb5 Qd7 11. b3 c6 12. Nc3 axb3 13. Qxb3 Qc7 14. Na4 Nbd7 15. Ng5 Nc5 16. Nxc5 dxc5 17. Be3 h6 18. Nf3 Nd7 19. d4 cxd4 20. c5+ Kh7 21. Nxd4 Nxc5 22. Qc4 Qd6 23. Nb5 cxb5 24. Qxc5 Qxc5 25. Bxc5 Ra5 26. Bxe7 Re8 27. Bb4 Ra6 28. e3 b6 29. Bc6 Re5 30. Rfd1 Be6 31. Bd6 Bc4 32. Bxe5 Bxe5 33. Bxb5 Bxb5 34. Rxb5 Bg7 35. Rd2 h5 36. h4 Rxa3 37. Rxb6 Ra8 38. Rdd6 f4 39. gxf4 Ra1+ 40. Kg2 Ra2 41. Rxg6 Ra7 42. Rg5 1-0

[Event "Mecklenburg VP LL2 Ost 1819"]
[Site "Mecklenburg VP"]
[Date "2018.11.25"]
[Round "3.7"]
[White "Schmekel, Matthias"]
[Black "Nickel, Udo"]
[Result "1-0"]
[WhiteElo "1588"]
[BlackElo "1604"]
[PlyCount "103"]
[EventDate "2018.10.21"]
[EventType "team-tourn"]
[EventRounds "9"]
[EventCountry "GER"]
[SourceTitle "EXT 2022"]
[Source "ChessBase"]
[SourceDate "2021.10.06"]
[SourceVersion "1"]
[SourceVersionDate "2021.10.06"]
[SourceQuality "1"]
[WhiteTeam "Torgelow Droegeheide II"]
[BlackTeam "Waterkant Saal SV"]
[WhiteTeamCountry "GER"]
[BlackTeamCountry "GER"]

1. e4 e6 2. d3 d5 3. Nd2 Nf6 4. g3 dxe4 5. dxe4 e5 6. Bg2 Bd6 7. Nh3 0-0 8. 0-0 Nc6 9. Kh1 h6 10. c3 b5 11. b4 a5 12. bxa5 Nxa5 13. Qe2 Bd7 14. Bb2 Qc8 15. Ng1 Rb8 16. Rad1 Be6 17. Ra1 Nc4 18. Bc1 Nxd2 19. Qxd2 Ra8 20. f4 Ra4 21. Qc2 Bc4 22. Rf3 Qa8 23. fxe5 Bxe5 24. Rxf6 Bxf6 25. e5 Rxa2 26. Rxa2 Qxa2 27. Qxa2 Bxa2 28. exf6 Rd8 29. fxg7 Kxg7 30. Bc6 Bc4 31. Bf4 Rd3 32. Bxc7 f6 33. Ba5 Rd6 34. Be4 Re6 35. Bg2 Re3 36. Bf3 Bf1 37. Bg2 Bc4 38. Nf3 Bd5 39. Ng1 Bc4 40. Bb4 h5 41. Bf3 Kg6 42. Kg2 Re1 43. Nh3 h4 44. gxh4 Rc1 45. Kg3 Kg7 46. Nf2 Re1 47. Kf4 Re8 48. Ne4 Rh8 49. h5 Bf1 50. Bd6 Kf7 51. Nxf6 Ke6 52. Be5 1-0

[Event "Mecklenburg VP LL2 Ost 1718"]
[Site "Mecklenburg VP"]
[Date "2018.04.22"]
[Round "9.5"]
[White "Schmekel, Matthias"]
[Black "Nour, Alaa"]
[Result "1-0"]
[WhiteElo "1638"]
[BlackElo "1614"]
[PlyCount "57"]
[EventDate "2017.10.08"]
[EventType "team-tourn"]
[EventRounds "9"]
[EventCountry "GER"]
[SourceTitle "EXT 2022"]
[Source "ChessBase"]
[SourceDate "2021.10.06"]
[SourceVersion "1"]
[SourceVersionDate "2021.10.06"]
[SourceQuality "1"]
[WhiteTeam "Torgelow Droegeheide II"]
[BlackTeam "Rostock SSC 07 II"]
[WhiteTeamCountry "GER"]
[BlackTeamCountry "GER"]

1. e4 e5 2. Nf3 Nc6 3. d4 exd4 4. Nxd4 d5 5. Bb5 Bd7 6. exd5 Nxd4 7. Bxd7+ Qxd7 8. Qxd4 Nf6 9. c4 Be7 10. Nc3 0-0 11. Bg5 Rfe8 12. 0-0-0 Ng4 13. Bxe7 Rxe7 14. h3 Nf6 15. g4 Rae8 16. Qxa7 b6 17. d6 cxd6 18. Qxb6 Ne4 19. Nxe4 Rxe4 20. b3 R4e6 21. Rd5 Qe7 22. Rhd1 Qf6 23. Qd4 Qh6+ 24. g5 Qxh3 25. Rxd6 Re4 26. Qxe4 Qc3+ 27. Kb1 Rf8 28. Rd8 Qa5 29. Qe7 1-0

[Event "Mecklenburg VP LL2 Ost 1718"]
[Site "Mecklenburg VP"]
[Date "2018.03.18"]
[Round "7.4"]
[White "Schmekel, Matthias"]
[Black "Joers, Pia Milena"]
[Result "1/2-1/2"]
[WhiteElo "1638"]
[BlackElo "1623"]
[PlyCount "96"]
[EventDate "2017.10.08"]
[EventType "team-tourn"]
[EventRounds "9"]
[EventCountry "GER"]
[SourceTitle "EXT 2022"]
[Source "ChessBase"]
[SourceDate "2021.10.06"]
[SourceVersion "1"]
[SourceVersionDate "2021.10.06"]
[SourceQuality "1"]
[WhiteTeam "Torgelow Droegeheide II"]
[BlackTeam "Guestrow/Teterow II"]
[WhiteTeamCountry "GER"]
[BlackTeamCountry "GER"]

1. e4 c5 2. Nf3 e6 3. Nc3 Nc6 4. d4 cxd4 5. Nxd4 a6 6. Be3 Bc5 7. Nxc6 dxc6 8. Qxd8+ Kxd8 9. 0-0-0+ Ke8 10. Bd4 Nf6 11. f3 Rg8 12. Bd3 h6 13. Ne2 b5 14. c3 Be7 15. Rhe1 c5 16. Bf2 Bb7 17. Ng3 g5 18. Be3 Rd8 19. c4 b4 20. Re2 Nd7 21. f4 Nf6 22. Kc2 Ng4 23. fxg5 Nxe3+ 24. Rxe3 hxg5 25. Rf1 Bd6 26. e5 Bc7 27. Be4 Bxe4+ 28. Nxe4 Bxe5 29. Nxc5 Bd4 30. Nxe6 Bxe3 31. Nxd8 Kxd8 32. Rxf7 Rg6 33. Kd3 Bg1 34. Rh7 Re6 35. Rh5 Re5 36. h4 Be3 37. hxg5 Bxg5 38. Kd4 Ra5 39. c5 Bf6+ 40. Kc4 Ra4 41. Kb3 Ra5 42. g4 Rb5 43. Rf5 Be7 44. Kc4 Kd7 45. g5 Rb8 46. Kd5 Rf8 47. Re5 Bd8 48. c6+ Kc7 1/2-1/2

[Event "Mecklenburg VP LL2 Ost 1718"]
[Site "Mecklenburg VP"]
[Date "2017.12.10"]
[Round "4.6"]
[White "Klotzsche, Stefan"]
[Black "Schmekel, Matthias"]
[Result "1-0"]
[WhiteElo "1751"]
[BlackElo "1638"]
[PlyCount "91"]
[EventDate "2017.10.08"]
[EventType "team-tourn"]
[EventRounds "9"]
[EventCountry "GER"]
[SourceTitle "EXT 2022"]
[Source "ChessBase"]
[SourceDate "2021.10.06"]
[SourceVersion "1"]
[SourceVersionDate "2021.10.06"]
[SourceQuality "1"]
[WhiteTeam "Wolgast Motor"]
[BlackTeam "Torgelow Droegeheide II"]
[WhiteTeamCountry "GER"]
[BlackTeamCountry "GER"]

1. d4 f5 2. Nf3 Nf6 3. g3 g6 4. Bg2 Bg7 5. 0-0 0-0 6. b3 d6 7. Bb2 Qe8 8. Nbd2 Na6 9. c4 c6 10. Re1 Ne4 11. Qc2 Nxd2 12. Nxd2 e5 13. dxe5 dxe5 14. e4 f4 15. Ba3 c5 16. Rad1 b6 17. h3 Be6 18. g4 Rd8 19. Nb1 Qe7 20. Nc3 Qh4 21. f3 Nb8 22. Nd5 Nc6 23. Bb2 Nd4 24. Qd3 Rd7 25. Rf1 h5 26. Bc3 hxg4 27. hxg4 Kf7 28. Be1 Qh7 29. Bf2 Rh8 30. Rfe1 Bxd5 31. exd5 Bf6 32. Qe4 Ke8 33. Qxf4 Rf7 34. Bxd4 cxd4 35. Rxd4 Be7 36. Qxe5 Kf8 37. Rde4 Bc5+ 38. Kf1 Qh4 39. Qb2 Re7 40. Rxe7 Bxe7 41. Re6 Rh7 42. Rxg6 Kf7 43. Qc2 Ke8 44. d6 Bg5 45. Qf5 Bd2 46. Rg8# 1-0

[Event "Mecklenburg VP LL2 Ost 1718"]
[Site "Mecklenburg VP"]
[Date "2017.10.08"]
[Round "1.5"]
[White "Oergel, Ullrich"]
[Black "Schmekel, Matthias"]
[Result "1/2-1/2"]
[WhiteElo "1733"]
[BlackElo "1638"]
[PlyCount "164"]
[EventDate "2017.10.08"]
[EventType "team-tourn"]
[EventRounds "9"]
[EventCountry "GER"]
[SourceTitle "EXT 2022"]
[Source "ChessBase"]
[SourceDate "2021.10.06"]
[SourceVersion "1"]
[SourceVersionDate "2021.10.06"]
[SourceQuality "1"]
[WhiteTeam "Binz Therme Ruegen"]
[BlackTeam "Torgelow Droegeheide II"]
[WhiteTeamCountry "GER"]
[BlackTeamCountry "GER"]

1. c4 f5 2. Nc3 Nf6 3. g3 c6 4. Bg2 g6 5. Nf3 Bg7 6. 0-0 0-0 7. d3 Qe8 8. d4 d6 9. e3 e5 10. dxe5 dxe5 11. Qc2 Na6 12. a3 Nh5 13. b3 f4 14. exf4 Bf5 15. Qb2 exf4 16. gxf4 Nc5 17. Ne5 Nd3 18. Nxd3 Bxd3 19. Rd1 Rd8 20. Be3 Nxf4 21. Bxf4 Rxf4 22. Re1 Qf8 23. f3 Bd4+ 24. Kh1 Qf6 25. Rac1 Rh4 26. h3 Qf4 27. Rcd1 Be5 28. Rxe5 Qxe5 29. Qd2 Rhd4 30. Re1 Qg3 31. Qe3 Qd6 32. a4 Bf5 33. Qg5 Rd3 34. Ne4 Bxe4 35. fxe4 Rg3 36. Qh4 g5 37. Qh5 Qd2 38. Rg1 Qf2 39. e5 Rd2 40. Qe8+ Kg7 41. Qe7+ Qf7 42. Qxf7+ Kxf7 43. Bd5+ Rxd5 44. e6+ Ke7 45. Rxg3 Re5 46. h4 h6 47. hxg5 Rxg5 48. Re3 Rg6 49. b4 Rxe6 50. Rb3 Kd6 51. Rd3+ Kc7 52. c5 Re1+ 53. Kg2 Rb1 54. Rd4 Rb3 55. Rf4 a6 56. a5 Re3 57. Rf7+ Kc8 58. Rf4 Kd7 59. Kf2 Re5 60. Kg3 Ke7 61. Kh4 Kd7 62. Rd4+ Ke6 63. Kg4 Rd5 64. Re4+ Re5 65. Rd4 Rg5+ 66. Kf4 Rd5 67. Re4+ Kf6 68. Kg4 h5+ 69. Kf4 Rf5+ 70. Kg3 Kg5 71. Re7 h4+ 72. Kg2 Kf4 73. Rxb7 Rg5+ 74. Kh2 Kf3 75. Rf7+ Ke4 76. Rf6 Kd5 77. Rd6+ Kc4 78. Rxc6 Kxb4 79. Rxa6 Rxc5 80. Kh3 Kb5 81. Ra8 Rc4 82. a6 Ra4 1/2-1/2

[Event "Mecklenburg VP LL2 Ost 1415"]
[Site "Mecklenburg VP"]
[Date "2015.03.15"]
[Round "7.7"]
[White "Schmekel, Matthias"]
[Black "Behrens, Christoph"]
[Result "1-0"]
[WhiteElo "1425"]
[BlackElo "1634"]
[PlyCount "69"]
[EventDate "2014.09.21"]
[EventType "team-tourn"]
[EventRounds "9"]
[EventCountry "GER"]
[SourceTitle "EXT 2022"]
[Source "ChessBase"]
[SourceDate "2021.10.06"]
[SourceVersion "1"]
[SourceVersionDate "2021.10.06"]
[SourceQuality "1"]
[WhiteTeam "Torgelow Droegeheide II"]
[BlackTeam "Bergen Rugia"]
[WhiteTeamCountry "GER"]
[BlackTeamCountry "GER"]

1. e4 e5 2. Nf3 Nc6 3. d4 exd4 4. Nxd4 Qe7 5. Nc3 g6 6. Be3 Bg7 7. Qd2 Nf6 8. f3 0-0 9. 0-0-0 d6 10. h4 Be6 11. Bg5 Nxd4 12. Qxd4 h6 13. Be3 Ng4 14. Qd2 Nxe3 15. Qxe3 Bxc3 16. Qxc3 Rad8 17. Qe3 Kh7 18. h5 g5 19. f4 gxf4 20. Qxf4 Qg5 21. g3 Rg8 22. Bd3 Kh8 23. Kb1 Qxf4 24. gxf4 Bg4 25. Rde1 Rde8 26. Bc4 Rg7 27. Rh2 Bf3 28. e5 dxe5 29. Rf2 e4 30. Rxf3 exf3 31. Rxe8+ Rg8 32. Rxg8+ Kxg8 33. Kc1 Kg7 34. Kd2 Kf6 35. Ke3 1-0

[Event "Mecklenburg VP LL2 Ost 1415"]
[Site "Mecklenburg VP"]
[Date "2015.01.18"]
[Round "5.7"]
[White "Kriese, Ralf"]
[Black "Schmekel, Matthias"]
[Result "1-0"]
[WhiteElo "1656"]
[BlackElo "1425"]
[PlyCount "67"]
[EventDate "2014.09.21"]
[EventType "team-tourn"]
[EventRounds "9"]
[EventCountry "GER"]
[SourceTitle "EXT 2022"]
[Source "ChessBase"]
[SourceDate "2021.10.06"]
[SourceVersion "1"]
[SourceVersionDate "2021.10.06"]
[SourceQuality "1"]
[WhiteTeam "Greifswald II"]
[BlackTeam "Torgelow Droegeheide II"]
[WhiteTeamCountry "GER"]
[BlackTeamCountry "GER"]

1. e4 e5 2. Nf3 Nc6 3. Bc4 Nf6 4. Ng5 d5 5. exd5 Nxd5 6. Nxf7 Kxf7 7. Qf3+ Ke6 8. Nc3 Nce7 9. d4 c6 10. 0-0 g6 11. Ne4 Nf5 12. Ng5+ Ke7 13. g4 h6 14. gxf5 gxf5 15. Qh5 Qe8 16. Qxe8+ Kxe8 17. Nf3 Rg8+ 18. Kh1 e4 19. Ne5 Be6 20. Bd2 b5 21. Bb3 c5 22. dxc5 Bxc5 23. Bxh6 Bd4 24. Rad1 Bxe5 25. f4 Bxf4 26. Bxd5 Bxd5 27. Rxf4 Bb7 28. h4 e3+ 29. Kh2 Rg2+ 30. Kh3 e2 31. Re1 Rd8 32. Rxf5 Rd7 33. Bg5 Rd2 34. Bxd2 1-0

[Event "Mecklenburg VP LL2 Ost 1415"]
[Site "Mecklenburg VP"]
[Date "2014.11.23"]
[Round "3.7"]
[White "Schmekel, Matthias"]
[Black "Zimmermann, Frank"]
[Result "1-0"]
[WhiteElo "1425"]
[BlackElo "1615"]
[PlyCount "53"]
[EventDate "2014.09.21"]
[EventType "team-tourn"]
[EventRounds "9"]
[EventCountry "GER"]
[SourceTitle "EXT 2022"]
[Source "ChessBase"]
[SourceDate "2021.10.06"]
[SourceVersion "1"]
[SourceVersionDate "2021.10.06"]
[SourceQuality "1"]
[WhiteTeam "Torgelow Droegeheide II"]
[BlackTeam "Wolgast Motor"]
[WhiteTeamCountry "GER"]
[BlackTeamCountry "GER"]

1. e4 e5 2. Nf3 Nc6 3. d4 exd4 4. Nxd4 Nxd4 5. Qxd4 d6 6. Nc3 Be6 7. Be3 Nf6 8. Be2 Be7 9. 0-0-0 0-0 10. e5 Ne8 11. Qe4 Qc8 12. g4 dxe5 13. Qxe5 Bf6 14. Qa5 Bxg4 15. Bxg4 Qxg4 16. Nd5 Bg5 17. f4 b6 18. Qc3 Bf6 19. Nxf6+ Nxf6 20. Rhg1 Qf5 21. Rg5 Qe6 22. Bd4 Kh8 23. Re1 Qd6 24. Be5 Qe6 25. f5 Qe7 26. Rxg7 Rfe8 27. Rxh7+ 1-0